Presidenciáveis com mais votos nas eleições - Statistics

Estatísticas Gerais
  • Esse quiz foi jogado 331 vezes
    259 desde o último reset
  • A pontuação média é 21 de 28
Estatísticas das Respostas
Resposta % Correto
Jair Bolsonaro
99%
Luiz Inácio Lula da Silva
99%
Fernando Haddad
97%
Dilma Rousseff
96%
Fernando Collor
95%
Fernando Henrique Cardoso
95%
Aécio Neves
91%
Ciro Gomes
91%
José Serra
84%
Marina Silva
82%
Simone Tebet
82%
Geraldo Alckmin
81%
PT
79%
PL
77%
PSDB
74%
MDB
69%
PSL
69%
PDT
68%
Enéas Carneiro
63%
Leonel Brizola
63%
PV
63%
PSOL
61%
PSB
60%
Anthony Garotinho
51%
PRONA
48%
Heloísa Helena
45%
PRN
42%
PPS
38%
Nenhum quiz correspondente encontrado
Distribuição das Pontuações
Porcentagem de Pessoas com Cada Pontuação
Percentil de Números Respondidos
Sua Pontuação Histórica
Você não jogou esse quiz desde o último reset